Open sources, voices from the open source revolution -(E-BOOK) (Record no. 191184)

000 -LEADER
fixed length control field 01935 a2200289 4500
003 - CONTROL NUMBER IDENTIFIER
control field Nust
005 - DATE AND TIME OF LATEST TRANSACTION
control field 20170207154010.0
010 ## - LIBRARY OF CONGRESS CONTROL NUMBER
LC control number 00703276
020 ## - INTERNATIONAL STANDARD BOOK NUMBER
International Standard Book Number 1565925823
035 ## - SYSTEM CONTROL NUMBER
System control number (OCoLC)ocm40889566
040 ## - CATALOGING SOURCE
Transcribing agency Nust
082 ## - DEWEY DECIMAL CLASSIFICATION NUMBER
Classification number 005.133
245 00 - TITLE STATEMENT
Title Open sources, voices from the open source revolution -(E-BOOK)
Statement of responsibility, etc. edited by Chris DiBona, Sam Ockman & Mark Stone.
246 3# - VARYING FORM OF TITLE
Title proper/short title Opensources
250 ## - EDITION STATEMENT
Edition statement 1st ed.
260 ## - PUBLICATION, DISTRIBUTION, ETC.
Place of publication, distribution, etc. Beijing ;
-- Sebastopol, CA :
Name of publisher, distributor, etc. O'Reilly,
Date of publication, distribution, etc. c1999.
300 ## - PHYSICAL DESCRIPTION
Extent viii, 272 p. :
Other physical details ill. ;
Dimensions 24 cm.
505 0# - FORMATTED CONTENTS NOTE
Formatted contents note Introduction / Chris DiBona, Sam Ockman, and Mark Stone -- A brief history of hackerdom / Eric S. Raymond -- Twenty years of Berkeley Unix : from AT&T-owned to freely redistributable / Marshall Kirk McKusick -- The Internet Engineering Task Force / Scott Bradner -- The GNU Operating System and the Free Software Movement / Richard Stallman -- The future of Cygnus Solutions : and entrepreneur's account / Michael Tiemann -- Software engineering / Paul Vixie -- Giving it away : how Red Hat Software stumbled across a new economic model and helped improve an industry / Robert Young -- Diligence, patience, and humility / Larry Wall -- Open Source as a business strategy / Brian Behlendorf -- The Open Source definition / Bruce Perens -- Hardware, software, and infoware / Tim O'Reilly -- Freeing the source : the story of Mozilla / Jim Hamerly and Tome Paquin with Susan Walton -- The revenge of the hackers / Eric S. Raymond
650 #0 - SUBJECT ADDED ENTRY--TOPICAL TERM
Topical term or geographic name entry element Open source software.
651 ## - SUBJECT ADDED ENTRY--GEOGRAPHIC NAME
Geographic name E-BOOK
700 1# - ADDED ENTRY--PERSONAL NAME
Personal name DiBona, Chris.
700 1# - ADDED ENTRY--PERSONAL NAME
Personal name Ockman, Sam.
700 1# - ADDED ENTRY--PERSONAL NAME
Personal name Stone, Mark.
856 42 - ELECTRONIC LOCATION AND ACCESS
Materials specified Contributor biographical information
Uniform Resource Identifier <a href="http://www.loc.gov/catdir/enhancements/fy0912/00703276-b.html">http://www.loc.gov/catdir/enhancements/fy0912/00703276-b.html</a>
856 42 - ELECTRONIC LOCATION AND ACCESS
Materials specified Publisher description
Uniform Resource Identifier <a href="http://www.loc.gov/catdir/enhancements/fy0715/00703276-d.html">http://www.loc.gov/catdir/enhancements/fy0715/00703276-d.html</a>
856 42 - ELECTRONIC LOCATION AND ACCESS
Materials specified Table of contents only
Uniform Resource Identifier <a href="http://www.loc.gov/catdir/enhancements/fy1008/00703276-t.html">http://www.loc.gov/catdir/enhancements/fy1008/00703276-t.html</a>
942 ## - ADDED ENTRY ELEMENTS (KOHA)
Source of classification or shelving scheme
Koha item type Book
Holdings
Withdrawn status Lost status Source of classification or shelving scheme Damaged status Not for loan Collection code Permanent Location Current Location Date acquired Total Checkouts Full call number Barcode Date last seen Price effective from Koha item type
            Military College of Signals (MCS) Military College of Signals (MCS) 12/12/2016   005.133 OPE MCSEB-64 12/08/2016 12/12/2016 Book
© 2023 Central Library, National University of Sciences and Technology. All Rights Reserved.